<?xml version="1.0" encoding="UTF-8"?>
<record
    xmlns:xsi="http://www.w3.org/2001/XMLSchema-instance"
    xsi:schemaLocation="http://www.loc.gov/MARC21/slim http://www.loc.gov/standards/marcxml/schema/MARC21slim.xsd"
    xmlns="http://www.loc.gov/MARC21/slim">

  <leader>01171cam4a220026500 4500</leader>
  <controlfield tag="001">tmp15217899</controlfield>
  <controlfield tag="003">UPRA</controlfield>
  <controlfield tag="005">20190815110040.0</controlfield>
  <controlfield tag="008">950717r19671896nyu                 eng u</controlfield>
  <datafield tag="035" ind1=" " ind2=" ">
    <subfield code="a">(Sirsi) r78645</subfield>
  </datafield>
  <datafield tag="035" ind1=" " ind2=" ">
    <subfield code="a">(UPRA)tmp15217899</subfield>
  </datafield>
  <datafield tag="040" ind1=" " ind2=" ">
    <subfield code="c">UPRA</subfield>
  </datafield>
  <datafield tag="050" ind1=" " ind2="0">
    <subfield code="a">DC 106.9.C723 1967</subfield>
  </datafield>
  <datafield tag="100" ind1="1" ind2=" ">
    <subfield code="a">Comines, Phillipe de.</subfield>
    <subfield code="6">A38448.1</subfield>
  </datafield>
  <datafield tag="245" ind1="1" ind2="4">
    <subfield code="a">The history of Comines /</subfield>
    <subfield code="c">Englished by Thomas Danett, anno 1596 ; with an introduction by Charles Whibley.</subfield>
  </datafield>
  <datafield tag="260" ind1=" " ind2=" ">
    <subfield code="a">New York :</subfield>
    <subfield code="b">AMS Press,</subfield>
    <subfield code="c">1967.</subfield>
  </datafield>
  <datafield tag="490" ind1="1" ind2=" ">
    <subfield code="a">The Tudor translations, ed. by W.E. Henley ;</subfield>
    <subfield code="v">v. 17-18</subfield>
  </datafield>
  <datafield tag="500" ind1=" " ind2=" ">
    <subfield code="a">Originally published by David Nutt in 1896.</subfield>
  </datafield>
  <datafield tag="651" ind1=" " ind2="0">
    <subfield code="a">France -- History -- House of Valois, 1328-1589.</subfield>
    <subfield code="x">France -- History -- House of Valois, 1328-1589.</subfield>
    <subfield code="y">France -- History -- House of Valois, 1328-1589.</subfield>
    <subfield code="6">S30243.1</subfield>
  </datafield>
  <datafield tag="700" ind1="1" ind2=" ">
    <subfield code="a">Danett, Thomas, fl. 1566-1601.</subfield>
    <subfield code="d">Danett, Thomas, fl. 1566-1601.</subfield>
    <subfield code="6">A38449.1</subfield>
  </datafield>
  <datafield tag="830" ind1=" " ind2="0">
    <subfield code="a">Tudor translations ;</subfield>
    <subfield code="v">vol. 17-18.</subfield>
    <subfield code="6">S380.1</subfield>
  </datafield>
  <datafield tag="949" ind1=" " ind2=" ">
    <subfield code="a">DC 106.9.C723 1967</subfield>
    <subfield code="v">VOL. 1</subfield>
    <subfield code="w">lcc</subfield>
    <subfield code="i">33729000069216</subfield>
    <subfield code="m">MAIN</subfield>
    <subfield code="p">2500</subfield>
    <subfield code="t">BOOK</subfield>
    <subfield code="l">ON-SHELF</subfield>
  </datafield>
  <datafield tag="949" ind1=" " ind2=" ">
    <subfield code="a">DC 106.9.C723 1967</subfield>
    <subfield code="v">VOL. 2</subfield>
    <subfield code="w">lcc</subfield>
    <subfield code="i">33729000073564</subfield>
    <subfield code="m">MAIN</subfield>
    <subfield code="p">2500</subfield>
    <subfield code="t">BOOK</subfield>
    <subfield code="l">ON-SHELF</subfield>
  </datafield>
  <controlfield tag="004">78645</controlfield>
  <datafield tag="999" ind1=" " ind2=" ">
    <subfield code="c">68801</subfield>
    <subfield code="d">68801</subfield>
  </datafield>
</record>
